Comunicación y construcción de lo cotidiano. (Primera parte: Comunicación e historia) /

Gorde:
Xehetasun bibliografikoak
Egile nagusia: Vega Jiménez, Patricia
Formatua: Ezezaguna
Argitaratua: San José: DEI
Gaiak:
Etiketak: Etiketa erantsi
Etiketarik gabe, Izan zaitez lehena erregistro honi etiketa jartzen!

MARC

LEADER 00000 a2200000 04500
001 11591
003
008 991231s d
040
090 |a 140104  
100 |a Vega Jiménez, Patricia  
245 |a Comunicación y construcción de lo cotidiano. (Primera parte: Comunicación e historia) /  |c Patricia Vega Jiménez 
260 |a San José:   |b DEI  
300 |a 289 p.  
650 |a ANALISIS HISTORICO  
650 |a SOCIEDAD  
650 |a CULTURA  
650 |a TEOLOGIA  
650 |a TEORIA  
999 |c 6093  |d 6093